000 01003nam a22003017a 4500
001 9288
003 FISKH
005 20251209102133.0
008 251209b cb ||||| |||| 00| 0 eng d
020 _a9780439724081
040 _aFISKH
_beng
_cFISKH
_dFISKH
050 _aPZ7.L9684 P
082 _a656
100 _aLucado, Max
_eAuthor
245 _aPunchinello and the most marvelous gift /
_cIllustrations by Sergio Martinez ; Max Lucado
260 _aNew York :
_bScholastic Inc. ,
_c2004
300 _a29 pages :
_bcolor illustrations ;
_c23 cm
490 _aWemmicks
505 _aN
520 _aWhen several Wemmicks try to outdo each other to come up with the best gift for Eli the woodcarver on Maker-Day, Punchinello's simple song saves the celebration.
521 8 _a550
_bLexile estimate
521 8 _aN
_bRaz-Plus
650 _aChildren
_vChristmas
650 _aCompetition
_vFiction
700 _aMartinez, Sergio
_eIllustrator
942 _2ddc
_cBK
_n0
999 _c9288
_d9288